ARRUPE JESUIT UNIVERSITY

CORONAVIRUS -STOP THE SPREAD - CLEAN,DISINFECT,COVER

Divine subjectivity : (Record no. 127358)

MARC details
000 -LEADER
fixed length control field 01550cam a2200265 a 4500
001 - CONTROL NUMBER
control field 15517768
003 - CONTROL NUMBER IDENTIFIER
control field ARRUPE
005 - DATE AND TIME OF LATEST TRANSACTION
control field 20180111122706.0
008 - FIXED-LENGTH DATA ELEMENTS--GENERAL INFORMATION
fixed length control field 081110s2009 pau b 001 0 eng
010 ## - LIBRARY OF CONGRESS CONTROL NUMBER
LC control number 2008049074
020 ## - INTERNATIONAL STANDARD BOOK NUMBER
International Standard Book Number 9781589661813 (pbk.)
040 ## - CATALOGING SOURCE
Original cataloging agency DLC
Transcribing agency DLC
Modifying agency DLC
050 00 - LIBRARY OF CONGRESS CALL NUMBER
Classification number B2949.R3
Item number S275 2009
082 00 - DEWEY DECIMAL CLASSIFICATION NUMBER
Classification number 210.92
Edition number 22
300 ## - PHYSICAL DESCRIPTION
Dimensions 23 cm.
100 1# - MAIN ENTRY--PERSONAL NAME
Personal name Schlitt, Dale M.
9 (RLIN) 38394
245 10 - TITLE STATEMENT
Title Divine subjectivity :
Remainder of title understanding Hegel's philosophy of religion /
Statement of responsibility, etc Dale M. Schlitt.
260 ## - PUBLICATION, DISTRIBUTION, ETC. (IMPRINT)
Place of publication, distribution, etc Scranton :
Name of publisher, distributor, etc University of Scranton Press,
Date of publication, distribution, etc 2009.
300 ## - PHYSICAL DESCRIPTION
Extent xxiv, 331 p. ;
504 ## - BIBLIOGRAPHY, ETC. NOTE
Bibliography, etc Includes bibliographical references (p. 311-327) and index.
505 0# - FORMATTED CONTENTS NOTE
Formatted contents note Hegel's philosophy of religion lecture texts. Critical editions-continuing the Hegel renaissance -- Hegel's tripartite philosophy of religion. The concept of religion ; Determinate religion ; The consummate religion -- Hegel's religious dialectic of identity and difference. Identity and religion ; The whole truth: trinity ; Incarnation and otherness ; The kingdom of God.
600 10 - SUBJECT ADDED ENTRY--PERSONAL NAME
Personal name Hegel, Georg Wilhelm Friedrich,
Dates associated with a name 1770-1831
General subdivision Religion.
9 (RLIN) 38395
650 #0 - SUBJECT ADDED ENTRY--TOPICAL TERM
Topical term or geographic name as entry element Religion
General subdivision Philosophy
-- History
Chronological subdivision 19th century.
9 (RLIN) 38396
906 ## - LOCAL DATA ELEMENT F, LDF (RLIN)
a 7
b cbc
c orignew
d 1
e ecip
f 20
g y-gencatlg
942 ## - ADDED ENTRY ELEMENTS (KOHA)
Source of classification or shelving scheme Library of Congress Classification
Koha item type Monograph ( Printed materials)
Holdings
Withdrawn status Lost status Source of classification or shelving scheme Damaged status Not for loan Collection code Home library Current library Shelving location Date acquired Total Checkouts Full call number Barcode Date last seen Price effective from Koha item type
    Library of Congress Classification     Main Collection ARRUPE LIBRARY ARRUPE LIBRARY Main Collection 11/01/2018   B2949.R3 S275 2009 46600001265 11/01/2018 11/01/2018 Monograph ( Printed materials)

 

Arrupe Library. PO Box MP320 Mt Pleasant, Harare, Zimbabwe
263 242 745411|librarian@aju.ac.zw